| 000 | 00743nam a22001935i 4500 | ||
|---|---|---|---|
| 001 | 167304 | ||
| 003 | ES-MaACL | ||
| 005 | 20250818063111.0 | ||
| 008 | 020926s1886 sp a |||| | spa d | ||
| 040 |
_aEUS _bspa _cEUS |
||
| 100 | 1 |
_aVerne, Jules, _d1828-1905 _9188654 |
|
| 245 | 1 | 0 |
_aMatias Sandorf / _cpor Julio Verne; traducción de A. de A. |
| 250 |
_aEd. ilustrada con ciento once dibujos _bpor Benett y un mapa. |
||
| 260 |
_aMadrid : _bAgustín Jubera, _c1886 ( _fimprenta de Enrique Rubiños) |
||
| 300 |
_a5 v. : _bil. ; _c27 cm. |
||
| 700 | 1 |
_aBénett, Léon, _d1839-1916 _927541 |
|
| 852 |
_aES-MaACL _jC-1714(1) _z-- Enc. hol. _z-- Legado de Modesto de la Fuente _z-- Enc. 5 partes en 1 v. |
||
| 999 |
_c167304 _d167304 |
||